| 000 | 00527nam a22001937a 4500 | ||
|---|---|---|---|
| 003 | OSt | ||
| 005 | 20140310182153.0 | ||
| 008 | 130830t xxu||||| |||| 00| 0 eng d | ||
| 020 | _a9710617716 | ||
| 050 |
_aTK 7816 _b.Eb15 1996 |
||
| 082 |
_aHS 621.381 _bEb1 1996 |
||
| 100 |
_aEbalan, Ambrosio E. _915851 |
||
| 245 |
_aBasic Electronics II : _bfourth year / _cAmbrosio E. Ebalan |
||
| 260 |
_aQuezon City : _bPhoenix, _cc1996. |
||
| 300 |
_a128 p. _c25 cm. |
||
| 541 | _j1 | ||
| 562 | _e1 | ||
| 942 |
_2lcc _cHS _kHS |
||
| 999 |
_c10045 _d10045 |
||